00672nam a2200205 i 450000100060000000300090000600500170001500700030003200800410003502000180007608000570009410000680015124500460021926000370026530000370030249000130033960000680035283000130042085200330043315528ES-MaACL20230906151110.0t|000328s1999 sp ||||1| spa d a84-95379-05-8 a929 Romanones, Alvaro de Figueroa y Torres, Conde de1 aRomanones, Álvaro de Figueroa y Torres,cConde de,d1863-195010aNotas de una vida / cConde de Romanones. aMadrid : bMarcial Pons, c1999. aXXXIX, 552 p. : bil. ; c22 cm.1 aHistoria14aRomanones, Álvaro de Figueroa y Torres,cConde de,d1863-19500 aHistoria aES-MaACLjL-22770 bR.128173